header

Time to walk the walk (Record no. 74356)

MARC details
000 -LEADER
fixed length control field 01409nam a2200337 a 4500
100 1# - MAIN ENTRY--AUTHOR NAME
Personal name Mintz, Joel A.,
245 10 - TITLE STATEMENT
Title Time to walk the walk
260 ## - PUBLICATION, DISTRIBUTION, ETC. (IMPRINT)
Place of publication Washington, D.C. :
Name of publisher Environmental Law Institute,
Year of publication 2002.
300 ## - PHYSICAL DESCRIPTION
Number of Pages p. 10307-10317.
490 0# - SERIES STATEMENT
Series statement Environmental law reporter news & analysis
500 ## - GENERAL NOTE
General note "3-2002, 32 ELR".
General note Two columns to the page.
650 #0 - SUBJECT ADDED ENTRY--TOPICAL TERM
Topical Term Hazardous wastes
Topical Term Hazardous wastes
Topical Term Environmental law
856 40 - ELECTRONIC LOCATION AND ACCESS
Uniform Resource Identifier http://site.ebrary.com/lib/rucke/Doc?id=10046572

No items available.

© 2026 Rongo University
Contact us: librarian | system librarian | Rongo university